[Event "Florianopolis 6th"]
[Site "Florianopolis"]
[Date "2023.11.22"]
[Round "9"]
[White "Caetano, Ryan Wesley da Cost"]
[Black "Lujan, Carolina"]
[Result "1/2-1/2"]
[WhiteElo "2235"]
[BlackElo "2258"]
[PlyCount "47"]
[EventDate "2023.11.17"]
[EventType "tourn"]
[EventRounds "9"]
[EventCountry "BRA"]
[SourceTitle "CB49_2023"]
[SourceDate "2023.12.06"]
[SourceVersion "1"]
[SourceVersionDate "2023.12.06"]
[SourceQuality "1"]

1. d4 Nf6 2. c4 g6 3. Nc3 d5 4. cxd5 Nxd5 5. Bd2 c5 6. e4 Nxc3 7. Bxc3 cxd4 8. Bxd4 e5 9. Bc3 Qxd1+ 10. Rxd1 Nc6 11. Bb5 Be6 12. Ne2 f6 13. f4 Bxa2 14. fxe5 fxe5 15. 0-0 Bc5+ 16. Kh1 Bb3 17. Rd2 Ke7 18. Nc1 Be6 19. Nd3 Be3 20. Re2 Bd4 21. Bxc6 Bxc3 22. Bxb7 Bc4 23. Bxa8 Bxd3 24. Bd5 1/2-1/2

[Event "Florianopolis 6th"]
[Site "Florianopolis"]
[Date "2023.11.21"]
[Round "8"]
[White "Lujan, Carolina"]
[Black "Tomiello, Mateus Costamilan"]
[Result "1-0"]
[WhiteElo "2258"]
[BlackElo "2145"]
[PlyCount "83"]
[EventDate "2023.11.17"]
[EventType "tourn"]
[EventRounds "9"]
[EventCountry "BRA"]
[SourceTitle "CB49_2023"]
[SourceDate "2023.12.06"]
[SourceVersion "1"]
[SourceVersionDate "2023.12.06"]
[SourceQuality "1"]

1. e4 c5 2. Nf3 Nc6 3. d4 cxd4 4. Nxd4 Nf6 5. Nc3 e5 6. Ndb5 d6 7. Nd5 Nxd5 8. exd5 Ne7 9. c4 Ng6 10. Qa4 Bd7 11. Qb4 Bf5 12. h4 h5 13. Bg5 Qb8 14. Qa4 Bd7 15. Qc2 a6 16. Nc3 Be7 17. Bd3 Bxg5 18. hxg5 Ne7 19. Qe2 h4 20. f4 exf4 21. Qf2 Qc7 22. Qxf4 0-0-0 23. 0-0-0 Ng6 24. Bxg6 fxg6 25. Rxh4 Rxh4 26. Qxh4 Kb8 27. Qd4 Be8 28. Re1 Rc8 29. g4 Qf7 30. Re4 Bd7 31. Kc2 Rh8 32. Kb3 Rh4 33. Qb6 Qf8 34. c5 dxc5 35. d6 Bc6 36. Re7 c4+ 37. Ka3 Rxg4 38. Qc7+ Ka8 39. Rf7 Qb8 40. Qe7 b5 41. b4 Rg3 42. Rf8 1-0

[Event "Florianopolis 6th"]
[Site "Florianopolis"]
[Date "2023.11.19"]
[Round "5"]
[White "Lujan, Carolina"]
[Black "Cuenca Jimenez, Jose Fernando"]
[Result "1/2-1/2"]
[WhiteElo "2258"]
[BlackElo "2505"]
[PlyCount "42"]
[EventDate "2023.11.17"]
[EventType "tourn"]
[EventRounds "9"]
[EventCountry "BRA"]
[SourceTitle "CB49_2023"]
[SourceDate "2023.12.06"]
[SourceVersion "1"]
[SourceVersionDate "2023.12.06"]
[SourceQuality "1"]

1. e4 e5 2. Nf3 Nc6 3. Bc4 Nf6 4. d3 h6 5. c3 d6 6. a4 g6 7. Qb3 Qe7 8. a5 a6 9. 0-0 Bg7 10. Re1 0-0 11. Nbd2 Ne8 12. Nf1 Nd8 13. Ne3 c6 14. d4 Ne6 15. Qd1 Qc7 16. Bf1 Bd7 17. b3 Rd8 18. Ba3 c5 19. Nd5 Qb8 20. Qd2 Kh7 21. dxe5 dxe5 1/2-1/2

[Event "Florianopolis 6th"]
[Site "Florianopolis"]
[Date "2023.11.18"]
[Round "3"]
[White "Lujan, Carolina"]
[Black "Hataby, Raed"]
[Result "1-0"]
[WhiteElo "2258"]
[BlackElo "1910"]
[PlyCount "86"]
[EventDate "2023.11.17"]
[EventType "tourn"]
[EventRounds "9"]
[EventCountry "BRA"]
[SourceTitle "CB49_2023"]
[SourceDate "2023.12.06"]
[SourceVersion "1"]
[SourceVersionDate "2023.12.06"]
[SourceQuality "1"]

1. e4 d6 2. d4 g6 3. Nf3 Nf6 4. Nc3 c6 5. a4 a5 6. Be2 Bg7 7. 0-0 0-0 8. h3 e5 9. dxe5 dxe5 10. Qxd8 Rxd8 11. Nxe5 Nxe4 12. Nxe4 Bxe5 13. Bg5 Re8 14. Rad1 Nd7 15. Rfe1 Nb6 16. g4 Be6 17. b3 Nd5 18. Bf1 f6 19. Nc5 Bc8 20. Bd2 Kf7 21. Bc4 b6 22. Ne4 Be6 23. Ng5+ fxg5 24. Rxe5 h6 25. Rde1 Nc7 26. Bd3 Rad8 27. f4 gxf4 28. Bxf4 g5 29. Bg3 Nd5 30. Bg6+ Kxg6 31. Rxe6+ Kf7 32. Rxc6 Rxe1+ 33. Bxe1 Re8 34. Bf2 Re2 35. Kf1 Nf4 36. Bxb6 Rh2 37. Bxa5 Rxh3 38. Bc7 Nd5 39. a5 Rh1+ 40. Kf2 Ra1 41. c4 Ra2+ 42. Kf3 Nf4 43. Rxh6 Ne6 1-0

[Event "Panama op 4th"]
[Site "Panama City"]
[Date "2023.11.10"]
[Round "8"]
[White "Strikovic, Aleksa"]
[Black "Lujan, Carolina"]
[Result "1/2-1/2"]
[WhiteElo "2455"]
[BlackElo "2258"]
[PlyCount "109"]
[EventDate "2023.11.06"]
[EventType "swiss"]
[EventRounds "9"]
[EventCountry "PAN"]
[SourceTitle "CB46_2023"]
[SourceDate "2023.11.15"]
[SourceVersion "1"]
[SourceVersionDate "2023.11.15"]
[SourceQuality "1"]

1. c4 c5 2. Nf3 Nc6 3. d4 cxd4 4. Nxd4 Nf6 5. Nc3 e6 6. a3 Be7 7. e4 d6 8. Be2 0-0 9. 0-0 Nxd4 10. Qxd4 b6 11. Rd1 Bb7 12. Qd3 Qc7 13. Bf4 Rad8 14. Rac1 Qb8 15. b4 Qa8 16. f3 Nh5 17. Be3 f5 18. exf5 Rxf5 19. Qd2 Rf7 20. Bd3 Rdf8 21. Be4 Nf6 22. Bxb7 Qxb7 23. Bg5 h6 24. Bxf6 Rxf6 25. Ne4 Rg6 26. Qd3 Rf5 27. Rc2 d5 28. cxd5 Qxd5 29. Rc7 Qa2 30. Rc2 Qd5 31. Qe2 Qe5 32. Ng3 Qxe2 33. Rxe2 Rf7 34. Rd3 a5 35. bxa5 bxa5 36. Re5 Rg5 37. Rxe6 Rb5 38. Kf1 Bh4 39. Ne4 Rb1+ 40. Ke2 Re1+ 41. Kd2 Ra1 42. Nd6 Rc7 43. g3 Be7 44. h4 Rd7 45. Nc4 Ra2+ 46. Ke3 Bc5+ 47. Ke4 Re2+ 48. Ne3 Rxd3 49. Kxd3 Rf2 50. Re5 Bxa3 51. Rxa5 Bd6 52. f4 Rf3 53. Ke4 Rxg3 54. Nf5 Ra3 55. Rxa3 1/2-1/2

[Event "Panama op 4th"]
[Site "Panama City"]
[Date "2023.11.07"]
[Round "2"]
[White "Lombardo Batista, Elias"]
[Black "Lujan, Carolina"]
[Result "0-1"]
[WhiteElo "1755"]
[BlackElo "2258"]
[PlyCount "48"]
[EventDate "2023.11.06"]
[EventType "swiss"]
[EventRounds "9"]
[EventCountry "PAN"]
[SourceTitle "CB46_2023"]
[SourceDate "2023.11.15"]
[SourceVersion "1"]
[SourceVersionDate "2023.11.15"]
[SourceQuality "1"]

1. c4 Nf6 2. g3 e5 3. Bg2 c6 4. d4 exd4 5. Qxd4 Na6 6. Nf3 Bc5 7. Qe5+ Be7 8. 0-0 0-0 9. h3 Re8 10. Bg5 h6 11. Be3 Bc5 12. Qc3 Ne4 13. Qc1 Nxg3 14. Re1 Bxe3 15. fxe3 d6 16. Nc3 Nc5 17. Kh2 Nf5 18. e4 Nxe4 19. Nxe4 Rxe4 20. Nd2 Re3 21. Nf1 Qh4 22. Nxe3 Qg3+ 23. Kh1 Nxe3 24. Rg1 Ng4 0-1

[Event "Panama op 4th"]
[Site "Panama City"]
[Date "2023.11.06"]
[Round "1"]
[White "Lujan, Carolina"]
[Black "Castillo Jimenez, Giancarlo"]
[Result "1-0"]
[WhiteElo "2258"]
[BlackElo "1225"]
[PlyCount "52"]
[EventDate "2023.11.06"]
[EventType "swiss"]
[EventRounds "9"]
[EventCountry "PAN"]
[SourceTitle "CB46_2023"]
[SourceDate "2023.11.15"]
[SourceVersion "1"]
[SourceVersionDate "2023.11.15"]
[SourceQuality "1"]

1. e4 c5 2. Nf3 d6 3. c3 Nf6 4. Be2 Nbd7 5. d3 e5 6. 0-0 Be7 7. Re1 0-0 8. Bf1 b6 9. d4 Bb7 10. d5 Qc7 11. a4 a6 12. Na3 Rfb8 13. Bd2 Bc8 14. b4 Nf8 15. Nc4 Bd7 16. a5 b5 17. Nb6 Ra7 18. c4 bxc4 19. Nxc4 Bb5 20. bxc5 Bxc4 21. Bxc4 Qxc5 22. Be3 Qxc4 23. Bxa7 Rb7 24. Bb6 Nxe4 25. Ra4 Nxf2 26. Rxc4 Nxd1 1-0

[Event "Merida World Heritage op 3rd"]
[Site "Merida"]
[Date "2023.08.05"]
[Round "9"]
[White "Pons Morro, Mateo Andres"]
[Black "Lujan, Carolina"]
[Result "0-1"]
[WhiteElo "2110"]
[BlackElo "2288"]
[PlyCount "172"]
[EventDate "2023.07.31"]
[EventType "swiss"]
[EventRounds "9"]
[EventCountry "ESP"]
[SourceTitle "CBM 215 Extra"]
[Source "ChessBase"]
[SourceDate "2023.09.30"]
[SourceVersion "1"]
[SourceVersionDate "2023.09.30"]
[SourceQuality "1"]

1. e4 c5 2. Nf3 e6 3. d4 cxd4 4. Nxd4 a6 5. c4 Nf6 6. Nc3 Bb4 7. Bd3 Qc7 8. 0-0 b6 9. Re1 Bxc3 10. bxc3 d6 11. f4 e5 12. Nc2 Nbd7 13. Nb4 Bb7 14. Nd5 Bxd5 15. exd5 0-0 16. Rb1 Rfe8 17. Be3 exf4 18. Bxf4 Qc5+ 19. Kh1 Rxe1+ 20. Qxe1 Ng4 21. Rb2 Nde5 22. Bxe5 Nxe5 23. Qe4 g6 24. Bf1 Rc8 25. h3 Kg7 26. Kh2 h5 27. Qd4 Qxd4 28. cxd4 Nxc4 29. Bxc4 Rxc4 30. Rxb6 Rxd4 31. Rxd6 Ra4 32. Rd8 Kf6 33. d6 Ke6 34. d7 Ke7 35. Rf8 Kxd7 36. Rxf7+ Ke6 37. Rf2 Ra3 38. Rd2 Ke5 39. Kg1 Ke4 40. Kf2 a5 41. h4 a4 42. g3 Rf3+ 43. Kg2 Re3 44. Kf2 Rc3 45. Rd6 Rc2+ 46. Ke1 Kf5 47. Rd5+ Ke6 48. Rg5 Kf6 49. g4 hxg4 50. Rxg4 Rxa2 51. Rf4+ Kg7 52. Rg4 Kh6 53. Kd1 a3 54. Kc1 Rh2 55. Kb1 Rb2+ 56. Ka1 Rb5 57. Ka2 Ra5 58. Re4 Kh5 59. Rd4 Ra6 60. Re4 Ra7 61. Rd4 Ra8 62. Re4 Ra5 63. Rd4 Rb5 64. Kxa3 Rb1 65. Ka2 Rh1 66. Kb2 Rxh4 67. Rd5+ g5 68. Kc2 Re4 69. Kd3 Re1 70. Kd2 Re8 71. Rd7 Kh4 72. Rg7 g4 73. Rh7+ Kg3 74. Rg7 Kf3 75. Rf7+ Kg2 76. Rg7 g3 77. Rg6 Kf2 78. Rf6+ Kg1 79. Rg6 g2 80. Rf6 Re4 81. Kd3 Re1 82. Rh6 Re5 83. Rf6 Kh2 84. Rh6+ Kg3 85. Rg6+ Kf3 86. Kd2 Re4 0-1

[Event "Merida World Heritage op 3rd"]
[Site "Merida"]
[Date "2023.08.04"]
[Round "8"]
[White "Lujan, Carolina"]
[Black "Glek, Igor Vladimirovich"]
[Result "1-0"]
[WhiteElo "2288"]
[BlackElo "2410"]
[PlyCount "73"]
[EventDate "2023.07.31"]
[EventType "swiss"]
[EventRounds "9"]
[EventCountry "ESP"]
[SourceTitle "CBM 215 Extra"]
[Source "ChessBase"]
[SourceDate "2023.09.30"]
[SourceVersion "1"]
[SourceVersionDate "2023.09.30"]
[SourceQuality "1"]

1. e4 e6 2. Qe2 c5 3. g3 Nc6 4. Bg2 g6 5. Nf3 Bg7 6. 0-0 Nge7 7. c3 e5 8. d3 0-0 9. Na3 d6 10. Nc4 h6 11. a4 f5 12. b4 cxb4 13. cxb4 Nxb4 14. Ba3 a5 15. Rab1 Nec6 16. Qd2 g5 17. Nxa5 Rxa5 18. Bxb4 Rxa4 19. exf5 Bxf5 20. h4 e4 21. dxe4 Bxe4 22. Nxg5 Bxg2 23. Kxg2 hxg5 24. Qd5+ Rf7 25. hxg5 Nxb4 26. Qb3 Qxg5 27. Qxa4 Nd3 28. Rb5 Nf4+ 29. Kg1 Qg4 30. Ra5 Bd4 31. Qb3 Kg7 32. Ra4 Bxf2+ 33. Kxf2 Qe2+ 34. Kg1 Qf2+ 35. Rxf2 Nh3+ 36. Kh1 Nxf2+ 37. Kg2 1-0

[Event "Merida World Heritage op 3rd"]
[Site "Merida"]
[Date "2023.08.02"]
[Round "4"]
[White "Lujan, Carolina"]
[Black "Mendes, Modeste"]
[Result "1-0"]
[WhiteElo "2288"]
[BlackElo "1944"]
[PlyCount "70"]
[EventDate "2023.07.31"]
[EventType "swiss"]
[EventRounds "9"]
[EventCountry "ESP"]
[SourceTitle "CBM 215 Extra"]
[Source "ChessBase"]
[SourceDate "2023.09.30"]
[SourceVersion "1"]
[SourceVersionDate "2023.09.30"]
[SourceQuality "1"]

1. e4 e5 2. Nf3 Nc6 3. Bc4 Bc5 4. d3 d6 5. c3 Bb6 6. Bb3 Bg4 7. Nbd2 Qd7 8. h3 Be6 9. Nc4 h6 10. a4 Nge7 11. Ba2 0-0 12. b4 Bxc4 13. dxc4 a5 14. c5 Ba7 15. b5 Nd8 16. b6 cxb6 17. Qxd6 Qxd6 18. cxd6 Ng6 19. Ba3 Nc6 20. g3 Rfd8 21. Nd2 Nf8 22. Nc4 Ne6 23. Rb1 Nc5 24. Bxc5 bxc5 25. Rxb7 Rab8 26. Rc7 Rbc8 27. Nxa5 Nxa5 28. Rxa7 Nc6 29. Rxf7 Kh8 30. d7 Ra8 31. Bd5 Rxa4 32. Bxc6 Ra1+ 33. Ke2 Rxh1 34. Re7 Rxd7 35. Bxd7 Rc1 1-0

[Event "Merida World Heritage op 3rd"]
[Site "Merida"]
[Date "2023.08.02"]
[Round "5"]
[White "Ribeiro, Bruno Alexandre Rom"]
[Black "Lujan, Carolina"]
[Result "0-1"]
[WhiteElo "2058"]
[BlackElo "2288"]
[PlyCount "108"]
[EventDate "2023.07.31"]
[EventType "swiss"]
[EventRounds "9"]
[EventCountry "ESP"]
[SourceTitle "CBM 215 Extra"]
[Source "ChessBase"]
[SourceDate "2023.09.30"]
[SourceVersion "1"]
[SourceVersionDate "2023.09.30"]
[SourceQuality "1"]

1. e4 c5 2. c3 d5 3. exd5 Qxd5 4. d4 g6 5. Nf3 Bg7 6. Be2 cxd4 7. cxd4 Nh6 8. Bf4 0-0 9. Nc3 Qd8 10. 0-0 Nd7 11. Nd5 Nb6 12. Nc7 Nd5 13. Bxh6 Qxc7 14. Bxg7 Kxg7 15. Rc1 Qd6 16. Bc4 Nf4 17. Re1 Qf6 18. Ne5 b5 19. Bxb5 Rb8 20. Bd7 Qg5 21. Qf3 Bb7 22. Bc6 Bxc6 23. Rxc6 Rxb2 24. Rc5 Ne2+ 25. Kf1 Nxd4 26. Qc3 Qd2 27. Nd3 Qxc3 28. Rxc3 Rxa2 29. Rxe7 Ra1+ 30. Ne1 Ne6 31. Re3 Nf4 32. Rd7 g5 33. Ree7 a5 34. g3 Ng6 35. Re4 Ra8 36. h4 h6 37. h5 Nf8 38. Rb7 Ra6 39. Ree7 Rf6 40. Ra7 Ne6 41. Ra6 Nc5 42. Rxf6 Kxf6 43. Re3 a4 44. Ke2 Nb3 45. Kd3 a3 46. Kc3 Rb1 47. Rf3+ Kg7 48. Nc2 a2 49. Rf5 Rc1 50. Kxb3 Rxc2 51. Ra5 Rxf2 52. Kc4 Rg2 53. Ra3 Rxg3 54. Rxa2 Rh3 0-1

[Event "Valencia Cuna op 4th"]
[Site "Valencia"]
[Date "2023.07.10"]
[Round "3"]
[White "Lujan, Carolina"]
[Black "Kjartansson, Gudmundur"]
[Result "0-1"]
[WhiteElo "2288"]
[BlackElo "2444"]
[PlyCount "104"]
[EventDate "2023.07.08"]
[EventType "swiss"]
[EventRounds "9"]
[EventCountry "ESP"]
[SourceTitle "CBM 215 Extra"]
[Source "ChessBase"]
[SourceDate "2023.09.30"]
[SourceVersion "1"]
[SourceVersionDate "2023.09.30"]
[SourceQuality "1"]

1. e4 c5 2. Nf3 d6 3. d4 cxd4 4. Nxd4 Nf6 5. Nc3 a6 6. Be2 e5 7. Nf3 Be7 8. Bg5 Be6 9. a4 Nbd7 10. 0-0 0-0 11. Nd2 Rc8 12. Bf3 h6 13. Be3 Qc7 14. Qe2 Nb6 15. Rfc1 Nc4 16. Nxc4 Qxc4 17. Qd2 Rfd8 18. Bb6 Rd7 19. a5 Bd8 20. Be3 d5 21. exd5 Nxd5 22. Nxd5 Bxd5 23. b3 Qc6 24. Bxd5 Rxd5 25. Qb4 Qd7 26. h3 f5 27. c4 Rd3 28. Qe1 Rxb3 29. Qe2 f4 30. Rd1 Qf7 31. Qg4 Ra8 32. Rd7 Qf6 33. Bc5 Qg5 34. Qe6+ Kh7 35. h4 Qg6 36. Qxg6+ Kxg6 37. h5+ Kxh5 38. Rxg7 Rc8 39. g4+ fxg3 40. Ba7 gxf2+ 41. Kxf2 Bh4+ 42. Ke2 Rxc4 43. Rh1 Rg4 44. Rxg4 Kxg4 45. Bb6 Bg5 46. Rf1 Bf4 47. Rg1+ Kf5 48. Rg7 e4 49. Rf7+ Kg4 50. Rg7+ Bg5 51. Rxb7 Rb2+ 52. Kf1 Kf3 0-1

[Event "Titled Tuesday intern op 04th Jul Early"]
[Site "Chess.com INT"]
[Date "2023.07.04"]
[Round "6"]
[White "Yedidia, Daniel"]
[Black "Lujan, Carolina"]
[Result "1-0"]
[WhiteElo "2056"]
[BlackElo "2288"]
[PlyCount "87"]
[EventDate "2023.07.04"]
[EventType "swiss (blitz)"]
[EventRounds "11"]
[EventCountry "USA"]
[SourceTitle "EXT 2024"]
[Source "ChessBase"]
[SourceDate "2023.10.10"]
[SourceVersion "1"]
[SourceVersionDate "2023.10.10"]
[SourceQuality "1"]

1. d4 g6 2. c4 Nf6 3. Nc3 d5 4. cxd5 Nxd5 5. Bd2 Nb6 6. Bg5 Bg7 7. e3 0-0 8. h3 h6 9. Bh4 g5 10. Bg3 c5 11. Nf3 Nc6 12. dxc5 Bxc3+ 13. bxc3 Qxd1+ 14. Rxd1 Na4 15. Rc1 Be6 16. c4 Nxc5 17. Be2 Rfd8 18. 0-0 Rac8 19. Rfd1 Ne4 20. Bh2 Na5 21. Rxd8+ Rxd8 22. Nd4 Bd7 23. Bc7 Rc8 24. Bxa5 b6 25. Bb4 e5 26. Nf3 f6 27. Nd2 Nc5 28. Bxc5 bxc5 29. Nb3 f5 30. Rd1 Be6 31. Rd6 Kf7 32. Ra6 Rc7 33. Ra5 Rd7 34. Nxc5 Rd2 35. Rxa7+ Kf6 36. Nxe6 Rxe2 37. Nf8 e4 38. c5 Rc2 39. g3 h5 40. a4 h4 41. gxh4 gxh4 42. a5 f4 43. exf4 Kf5 44. Rf7# 1-0

[Event "Titled Tuesday intern op 04th Jul Early"]
[Site "Chess.com INT"]
[Date "2023.07.04"]
[Round "4"]
[White "Yeritsyan, Hayk"]
[Black "Lujan, Carolina"]
[Result "1-0"]
[WhiteElo "2181"]
[BlackElo "2288"]
[PlyCount "81"]
[EventDate "2023.07.04"]
[EventType "swiss (blitz)"]
[EventRounds "11"]
[EventCountry "USA"]
[SourceTitle "EXT 2024"]
[Source "ChessBase"]
[SourceDate "2023.10.10"]
[SourceVersion "1"]
[SourceVersionDate "2023.10.10"]
[SourceQuality "1"]

1. d3 g6 2. d4 Bg7 3. Bf4 d6 4. e3 Nf6 5. h3 b6 6. c3 Bb7 7. Nf3 0-0 8. Be2 c5 9. 0-0 Nbd7 10. Bh2 Qc7 11. Nbd2 Rac8 12. b4 Qb8 13. bxc5 bxc5 14. Rb1 Qa8 15. Qa4 cxd4 16. cxd4 Nb6 17. Qa3 Ne4 18. Nxe4 Bxe4 19. Rbc1 Nd5 20. Rxc8 Rxc8 21. Rc1 Rxc1+ 22. Qxc1 Qb7 23. Bg3 h6 24. Bf1 Nb6 25. Nd2 Bd5 26. Qb2 f5 27. Nf3 Bxf3 28. gxf3 Qxf3 29. Qb3+ Kh7 30. Bg2 Qe2 31. Qf7 Qc4 32. Qxe7 Nd5 33. Qxd6 Nc3 34. Qe7 Ne2+ 35. Kh2 Qc1 36. h4 Qg1+ 37. Kh3 Qd1 38. Be5 Nf4+ 39. exf4 Qg4+ 40. Kh2 Qxh4+ 41. Qxh4 1-0

[Event "Asuncion zt 2.5 (Women)"]
[Site "Asuncion"]
[Date "2023.03.08"]
[Round "6"]
[White "Lujan, Carolina"]
[Black "Campos, Maria Jose"]
[Result "0-1"]
[WhiteElo "2309"]
[BlackElo "2216"]
[PlyCount "104"]
[EventDate "2023.03.05"]
[EventType "swiss"]
[EventRounds "9"]
[EventCountry "PAR"]
[SourceTitle "CBM 213 Extra"]
[Source "ChessBase"]
[SourceDate "2023.05.31"]
[SourceVersion "1"]
[SourceVersionDate "2023.05.31"]
[SourceQuality "1"]

1. e4 e5 2. Nf3 Nc6 3. Bc4 Nf6 4. d3 Bc5 5. Nc3 d6 6. Na4 Bb6 7. a3 0-0 8. h3 Be6 9. Bxe6 fxe6 10. 0-0 Qe8 11. c3 Ne7 12. b4 Ng6 13. Ra2 c6 14. Nxb6 axb6 15. Kh2 b5 16. g3 Qd7 17. Ng1 d5 18. Qe2 Rfd8 19. Rd2 Qc7 20. Rfd1 Rd7 21. h4 Rad8 22. Kg2 b6 23. Nh3 h6 24. Re1 Re8 25. Rdd1 c5 26. h5 Nh8 27. f4 Nf7 28. Bb2 dxe4 29. dxe4 c4 30. Bc1 Red8 31. Nf2 Qc6 32. Kh2 exf4 33. gxf4 Rxd1 34. Rxd1 Rxd1 35. Qxd1 Nxe4 36. Qf3 Nfd6 37. Be3 Qd5 38. Bxb6 Nxf2 39. Qxd5 exd5 40. Bxf2 Ne4 41. Bd4 Nf6 42. Kh3 Kf7 43. f5 Nxh5 44. Kg4 Nf6+ 45. Kf4 Nd7 46. Kg4 g6 47. fxg6+ Kxg6 48. Kf4 h5 49. Bh8 Nf6 50. Ke5 h4 51. Kf4 h3 52. Kg3 d4 0-1

[Event "Asuncion zt 2.5 (Women)"]
[Site "Asuncion"]
[Date "2023.03.07"]
[Round "4"]
[White "Lujan, Carolina"]
[Black "Montiel Caceres, Helen"]
[Result "1-0"]
[WhiteElo "2309"]
[BlackElo "1644"]
[PlyCount "43"]
[EventDate "2023.03.05"]
[EventType "swiss"]
[EventRounds "9"]
[EventCountry "PAR"]
[SourceTitle "CBM 213 Extra"]
[Source "ChessBase"]
[SourceDate "2023.05.31"]
[SourceVersion "1"]
[SourceVersionDate "2023.05.31"]
[SourceQuality "1"]

1. e4 c5 2. g3 Nc6 3. Bg2 g6 4. f4 d6 5. Nf3 Bg7 6. d3 e5 7. 0-0 Nge7 8. Nc3 0-0 9. f5 gxf5 10. Nh4 Nd4 11. Qh5 f4 12. gxf4 Ng6 13. Nf5 Bxf5 14. exf5 Qh4 15. Qxh4 Nxh4 16. Bxb7 Rab8 17. Be4 Nxc2 18. Rb1 f6 19. fxe5 fxe5 20. Rf2 Nd4 21. Nd5 Rb7 22. f6 1-0

[Event "Asuncion zt 2.5 (Women)"]
[Site "Asuncion"]
[Date "2023.03.05"]
[Round "1"]
[White "Sanchez Tobar, Francisca Valentina"]
[Black "Lujan, Carolina"]
[Result "0-1"]
[WhiteElo "1878"]
[BlackElo "2309"]
[PlyCount "62"]
[EventDate "2023.03.05"]
[EventType "swiss"]
[EventRounds "9"]
[EventCountry "PAR"]
[SourceTitle "CBM 213 Extra"]
[Source "ChessBase"]
[SourceDate "2023.05.31"]
[SourceVersion "1"]
[SourceVersionDate "2023.05.31"]
[SourceQuality "1"]

1. e4 c5 2. Nf3 e6 3. g3 b6 4. Bg2 Bb7 5. Qe2 Nf6 6. e5 Nd5 7. c3 Nc6 8. 0-0 Be7 9. d4 cxd4 10. Nxd4 Nxd4 11. cxd4 0-0 12. Nd2 Qc7 13. a3 a5 14. Re1 f5 15. f4 Rac8 16. Nf1 Qc4 17. Be3 Qa4 18. Rac1 Bc6 19. Qc4 Qxc4 20. Rxc4 b5 21. Rcc1 b4 22. Bxd5 Bxd5 23. axb4 Bxb4 24. Rxc8 Rxc8 25. Rc1 Rb8 26. Rc2 Be4 27. Rf2 Be7 28. Nd2 Bd3 29. Nf3 Rb3 30. Bd2 a4 31. Bc1 a3 0-1

[Event "Florianopolis op 9th"]
[Site "Florianopolis"]
[Date "2023.01.26"]
[Round "6"]
[White "Lujan, Carolina"]
[Black "Araujo Filho, Luiz Antonio"]
[Result "1-0"]
[WhiteElo "2324"]
[BlackElo "2089"]
[PlyCount "65"]
[EventDate "2023.01.23"]
[EventType "swiss"]
[EventRounds "10"]
[EventCountry "BRA"]
[SourceTitle "CBM 212 Extra"]
[Source "ChessBase"]
[SourceDate "2023.03.31"]
[SourceVersion "1"]
[SourceVersionDate "2023.03.31"]
[SourceQuality "1"]

1. e4 c6 2. d4 d5 3. exd5 cxd5 4. Bd3 Nc6 5. c3 Nf6 6. Bf4 g6 7. h3 Bg7 8. Nf3 0-0 9. 0-0 Be6 10. Nbd2 Qc8 11. Re1 Bf5 12. Bf1 h6 13. Ne5 g5 14. Bh2 Ne4 15. Nxe4 dxe4 16. g4 Nxe5 17. dxe5 Rd8 18. Qe2 Bg6 19. Bg2 Qc5 20. Bxe4 Bxe4 21. Qxe4 Rd2 22. Re2 Rad8 23. Rae1 Qb5 24. e6 f5 25. gxf5 Qxb2 26. f6 Bxf6 27. Qg6+ Kh8 28. Qxh6+ Kg8 29. Qg6+ Kh8 30. Qh5+ Kg7 31. Be5 Rf8 32. Qxg5+ Kh7 33. Qxd2 1-0

[Event "Florianopolis op 9th"]
[Site "Florianopolis"]
[Date "2023.01.25"]
[Round "4"]
[White "Lujan, Carolina"]
[Black "De Souza Monteiro, Marcos Paulo"]
[Result "1-0"]
[WhiteElo "2324"]
[BlackElo "1869"]
[PlyCount "55"]
[EventDate "2023.01.23"]
[EventType "swiss"]
[EventRounds "10"]
[EventCountry "BRA"]
[SourceTitle "CBM 212 Extra"]
[Source "ChessBase"]
[SourceDate "2023.03.31"]
[SourceVersion "1"]
[SourceVersionDate "2023.03.31"]
[SourceQuality "1"]

1. e4 c5 2. g3 d6 3. Bg2 g6 4. Ne2 Bg7 5. c3 Nc6 6. d4 cxd4 7. cxd4 Nf6 8. Nbc3 0-0 9. 0-0 a6 10. h3 e5 11. Be3 Nd7 12. Nd5 Ne7 13. dxe5 Nxd5 14. Qxd5 Nxe5 15. Nf4 Qe7 16. Qb3 Be6 17. Nxe6 Qxe6 18. Rfd1 Qxb3 19. axb3 Rfd8 20. Bb6 Rd7 21. f4 Nc6 22. e5 Re8 23. Rxd6 Rxd6 24. exd6 Bxb2 25. Bxc6 bxc6 26. d7 Rb8 27. Re1 Kf8 28. d8Q+ 1-0

[Event "Florianopolis op 9th"]
[Site "Florianopolis"]
[Date "2023.01.24"]
[Round "2"]
[White "Lujan, Carolina"]
[Black "Bastos, Guilherme Exterhott"]
[Result "1/2-1/2"]
[WhiteElo "2324"]
[BlackElo "1902"]
[PlyCount "72"]
[EventDate "2023.01.23"]
[EventType "swiss"]
[EventRounds "10"]
[EventCountry "BRA"]
[SourceTitle "CBM 212 Extra"]
[Source "ChessBase"]
[SourceDate "2023.03.31"]
[SourceVersion "1"]
[SourceVersionDate "2023.03.31"]
[SourceQuality "1"]

1. e4 Nf6 2. e5 Nd5 3. d4 d6 4. Nf3 Nd7 5. c4 N5b6 6. exd6 exd6 7. Bd3 Be7 8. 0-0 0-0 9. Nc3 Nf6 10. h3 Nbd7 11. Re1 Re8 12. b3 c6 13. Bb2 d5 14. Ne5 Bd6 15. f4 Nf8 16. c5 Bc7 17. Rf1 Ne6 18. Ne2 Ne4 19. Bxe4 dxe4 20. f5 Nf8 21. Qc2 Nd7 22. Rad1 Qe7 23. Nxd7 Bxd7 24. d5 cxd5 25. f6 Qe6 26. fxg7 Be5 27. Nf4 Bxf4 28. Rxf4 Bc6 29. Rdf1 Re7 30. Rf6 Qd7 31. Rd6 Qe8 32. a4 Re6 33. Rxe6 Qxe6 34. Rf6 Qe8 35. Qe2 Rd8 36. Bd4 Rd7 1/2-1/2

[Event "Rio de Janeiro Duchamp op 4th"]
[Site "Rio de Janeiro"]
[Date "2022.12.14"]
[Round "9"]
[White "Lujan, Carolina"]
[Black "Labussiere, Yago"]
[Result "1-0"]
[WhiteElo "2323"]
[BlackElo "2229"]
[PlyCount "99"]
[EventDate "2022.12.07"]
[EventType "swiss"]
[EventRounds "9"]
[EventCountry "BRA"]
[SourceTitle "CBM 211 Extra"]
[Source "ChessBase"]
[SourceDate "2023.01.31"]
[SourceVersion "1"]
[SourceVersionDate "2023.01.31"]
[SourceQuality "1"]

1. e4 c5 2. g3 Nc6 3. Bg2 g6 4. Ne2 Bg7 5. c3 e5 6. d3 Nge7 7. 0-0 0-0 8. Be3 d6 9. f4 Be6 10. Nd2 Qd7 11. Nf3 Bh3 12. Rf2 Bxg2 13. Kxg2 b6 14. d4 cxd4 15. cxd4 exf4 16. Nxf4 d5 17. Ne5 Nxe5 18. dxe5 Bxe5 19. Nxd5 Nxd5 20. Qxd5 Qxd5 21. exd5 Rfe8 22. Bg5 Rac8 23. Rd1 Bd6 24. Bf6 Rc7 25. a3 Kf8 26. Kh3 Rd7 27. Rc2 Be5 28. Bxe5 Rxe5 29. d6 Re8 30. Rc7 Red8 31. b4 Kg7 32. Rc6 f5 33. b5 Kf6 34. a4 Ke6 35. Re1+ Kf6 36. Rd1 g5 37. Kg2 Ke6 38. Re1+ Kf6 39. Rd1 h5 40. h3 Ke6 41. Re1+ Kf6 42. Rd1 Ke5 43. Re1+ Kf6 44. Rd1 h4 45. gxh4 gxh4 46. Kf2 Rg8 47. Rc7 Ke6 48. Re1+ Kxd6 49. Rc6+ Kd5 50. Rd1+ 1-0